Normal view
MARC view
- Qasmi, Ahmad Nadeem
Entry Personal Name
001 - CONTROL NUMBER
- control field: 3596
003 - CONTROL NUMBER IDENTIFIER
- control field: NUST
005 - DATE AND TIME OF LATEST TRANSACTION
- control field: 20170726200622.0
008 - FIXED-LENGTH DATA ELEMENTS
- fixed length control field: 170726|| aca||aabn | a|a d
040 ## - CATALOGING SOURCE
- Original cataloging agency: NUST
- Transcribing agency: NUST
100 ## - HEADING--PERSONAL NAME
- Personal name: Qasmi, Ahmad Nadeem
670 ## - SOURCE DATA FOUND
- Source citation: Work cat.: (NUST)0: Qasmi, Ahmad Nadeem, Kaiser kiyari, 2009
